000 00926nam a22003017a 4500
001 5323
003 FISKH
005 20241126100824.0
008 241126b cb ||||| |||| 00| 0 eng d
020 _a9780140560961
040 _aFISKH
_beng
_cFISKH
_dFISKH
050 _aPZ7.V3273
082 _a808.068
100 _aLeeuwen, van jean
_d(1937-)
245 _aGoing west /
_cJean Van Leeuwen Pictures by Thomas B.Allen A Puffin Pied Piper
250 _aPublished in 1992
260 _aNew York :
_bPuffin Book,
_c1992.
300 _a45 pages :
_bColor illustrations ;
_c22 cm
505 _aO
520 _aFollows a family's emigration by prairie schooner from the East, across the plains to Kansas.
521 8 _a600L
_bLexile
521 8 _aO
_bRaz-Plus
650 _2Frontier
_aHardcover
651 _2Pioneers
_aHistory
700 _aB.Allen, Thomas
_dIllustrator
942 _2ddc
_cBK
_n0
999 _c5323
_d5323